000 00292cam a22000977a 4500
008 180718b xxu||||| |||| 00| 0 eng d
082 _aL24303x54 A
245 _aThe income- tax act, 1961
_cby Ministry of Law, India
260 _aDelhi
_bGovernment of India Press
_c
700 _aIndia. Ministry of Law
999 _c500579
_d500579